Normal view
MARC view
- Stevenson, Susan
Entry Personal Name
001 - CONTROL NUMBER
- control field: 100572
003 - CONTROL NUMBER IDENTIFIER
- control field: NUST
005 - DATE AND TIME OF LATEST TRANSACTION
- control field: 20221018103236.0
008 - FIXED-LENGTH DATA ELEMENTS
- fixed length control field: 221018|| aca||aabn | a|a d
040 ## - CATALOGING SOURCE
- Original cataloging agency: NUST
- Transcribing agency: NUST
100 ## - HEADING--PERSONAL NAME
- Personal name: Stevenson, Susan
670 ## - SOURCE DATA FOUND
- Source citation: Work cat.: (NUST)178433: Stevenson, Susan., Strategies for engineering communication /, c2002.
